Представление документа в формате MARC21

Поле Инд. ПП Название Значение
Тип записи a
Библиографический уровень m
001 Контрольный номер 55d01174-8b1d-4eb7-9526-739b1bf7707a
005 Дата корректировки 20140226113125.2
008 Кодируемые данные 000418 d
020 c Цена, тираж 1-50
040 a Служба первич. каталог. НБ ТвГУ
041 a Код языка текста rus
080 a Индекс УДК [950+960](075.8)
084 a Индекс другой классификации/Индекс ББК Т3(5)6я731-1
090 x Авторский знак М54
a Полочн. индекс Т3(5)6
245 10 a Заглавие Методические указания к семинарским занятиям по истории стран Азии и Африки в новейшее время
b Продолж. заглавия Для студентов ист. фак.
c Ответственность Твер. гос. ун-т. Каф. новой и новейш. истории; Сост. А. А. Голубев
260 0_ a Место издания Тверь
c Дата издания 1992
300 a Объем 25 с.
650 a Основная рубрика Африка
x Основная подрубрика История
x Основная подрубрика Учебники для вузов
650 a Основная рубрика Азия
x Основная подрубрика История
653 a Ключевые слова История Азии
a Ключевые слова История Африки
a Ключевые слова Учебники
a Ключевые слова Труды Тверского государственного университета
700 1_ a Другие авторы Голубев А. А.
e Роль лиц сост.
710 a Организация/ юрисдикция Тверской государственный университет
852 t Порядковый номер экземпляра 2
p Инвентарный номер б/н - 2 экз.
852 t Порядковый номер экземпляра 21
p Инвентарный номер б/н - 21 экз.
852 t Порядковый номер экземпляра 2
p Инвентарный номер 628915
p Инвентарный номер 628916
930 a Новая/Ретро Учебники
999 a Подразделение 2 ч.з.
a Подразделение 2 уч.о.
a Подразделение 2 аб.